It looks like you're offline.
Open Library logo
additional options menu

MARC Record from Library of Congress

Record ID marc_loc_2016/BooksAll.2016.part35.utf8:122615675:1121
Source Library of Congress
Download Link /show-records/marc_loc_2016/BooksAll.2016.part35.utf8:122615675:1121?format=raw

LEADER: 01121cam a2200325 a 4500
001 2008024322
003 DLC
005 20100219084801.0
008 080610s2009 nyua b 001 0 eng
010 $a 2008024322
015 $aGBA8C6713$2bnb
016 7 $a014794596$2Uk
020 $a9780814409947
020 $a0814409946
035 $a(OCoLC)227033794
035 $a(OCoLC)ocn227033794
040 $aDLC$cDLC$dYDX$dBTCTA$dBAKER$dYDXCP$dUKM$dDLC
050 00 $aGV482.6$b.W75 2009
082 00 $a613.7/0446$222
100 1 $aWright, Vonda.
245 10 $aFitness after 40 :$bhow to stay strong at any age /$cVonda Wright with Ruth Winter.
246 3 $aFitness after forty
260 $aNew York :$bAMACOM,$cc2009.
300 $axxix, 271 p. :$bill. ;$c24 cm.
504 $aIncludes bibliographical references (p. 243-256) and index.
650 0 $aExercise for middle-aged persons.
650 0 $aPhysical fitness for middle-aged persons.
650 0 $aMiddle-aged persons$xHealth and hygiene.
700 1 $aWinter, Ruth,$d1930-
856 41 $3Table of contents only$uhttp://www.loc.gov/catdir/toc/fy0904/2008024322.html